000 00514cam a22001811 04500
001 46172
090 _a46172
100 _a19920512d1971 m y0pory5003 ba
101 0 _apor
102 _aPT
200 1 _aPedaços da minha alma
_fAmérico Leal de Oliveira Estevão
210 9 _aLisboa
_cAmérico Leal de Oliveira Estevão
_d1971
215 _a113, [2] p.
_d21 cm
305 _aEdição do autor
675 _a821.134.3-1"19"
_vmed
_zpor
700 1 _aEstêvão,
_bAmérico Leal de Oliveira
801 0 _aPT
_bBN
_gRPC
990 _cLIVROS